National traditions in Sociology (Record no. 1848265)
[ view plain ]
| 000 -LEADER | |
|---|---|
| fixed length control field | 02451nam a22001937a 4500 |
| 005 - DATE AND TIME OF LATEST TRANSACTION | |
| control field | 20260415113900.0 |
| 008 - FIXED-LENGTH DATA ELEMENTS--GENERAL INFORMATION | |
| fixed length control field | 260415b |||||||| |||| 00| 0 eng d |
| 020 ## - INTERNATIONAL STANDARD BOOK NUMBER | |
| International Standard Book Number | 9780803981973 |
| 037 ## - SOURCE OF ACQUISITION | |
| Terms of availability | Texual |
| 040 ## - CATALOGING SOURCE | |
| Original cataloging agency | RTL |
| Transcribing agency | RTL |
| 084 ## - COLON CLASSIFICATION NUMBER | |
| Assigning agency | RTL |
| 245 ## - TITLE STATEMENT | |
| Title | National traditions in Sociology |
| 260 ## - PUBLICATION, DISTRIBUTION, ETC. | |
| Place of publication, distribution, etc. | New Delhi |
| Name of publisher, distributor, etc. | Sage |
| Date of publication, distribution, etc. | 1989 |
| 300 ## - PHYSICAL DESCRIPTION | |
| Other physical details | vi, 248p. |
| Dimensions | Includes bibliographical references and index |
| 520 ## - SUMMARY, ETC. | |
| Summary, etc. | Since the beginning of the twentieth century, the discipline of sociology has grown enormously--in its literature, in its influence, and in its institutional development. Now, as a result of it being recognized as a major field of study in all parts of the world, sociology has entered a new phase of its existence--as a genuine international science. Nikolai Genov looks back over the past few decades since World War II to study the manner in which national conditions determine the content of sociological theorizing. The present collection provides abundant empirical evidence and theoretical analyses of the wide variety of national sociological traditions--contributed by well known scholars in the international scientific community. Intriguing case studies are used to represent the major regions of worldwide sociology and to cover its main theoretical directions. The contributors suggest that there is a growing need for scholars to understand the context of disciplinary development in other countries. This indispensable volume will make the mutual understanding among scholars easier and enrich their visions on the means and ends of international sociology. "These essays, well written and carefully documented, are both interesting and intriguing. What one learns is that the culture, politics, and traditions of each of these countries shape the discipline, order the research agendas, and define the central issues of the field. . . . For the professional sociologist this collection offers a marvelous opportunity to discover how one′s colleagues in other countries approach sociology. But it also offers an opportunity for the professional sociologist to realize that American sociology is not universally accepted as the model of the discipline. Indeed, after reading this volume one might gain an appreciation and understanding of how American sociologists champion their approach." |
| 650 ## - SUBJECT ADDED ENTRY--TOPICAL TERM | |
| Topical term or geographic name entry element | Sociology--Congresses |
| 9 (RLIN) | 1234794 |
| 650 ## - SUBJECT ADDED ENTRY--TOPICAL TERM | |
| Topical term or geographic name entry element | Sociology--History--Congresses |
| 9 (RLIN) | 1234795 |
| 942 ## - ADDED ENTRY ELEMENTS (KOHA) | |
| Source of classification or shelving scheme | Colon Classification (CC) |
| Koha item type | Textbook |
| Suppress in OPAC | No |
| Withdrawn status | Lost status | Source of classification or shelving scheme | Damaged status | Not for loan | Home library | Current library | Date acquired | Total Checkouts | Barcode | Date last seen | Price effective from | Koha item type |
|---|---|---|---|---|---|---|---|---|---|---|---|---|
| Colon Classification (CC) | Ratan Tata Library | Ratan Tata Library | 2026-04-15 | RT1585364 | 2026-04-15 | 2026-04-15 | Textbook |
